000 00481 a2200145 4500
245 _aromance of the Rose
_hprint
020 _a0691061971
005 20191021112918.0
260 _anju
_bPrinceton University Press
_c1971
084 _aPQ1528 .A43
300 _axv, 450 p. 64 illus. 25 cm.
_bxv, 450 p. 64 illus. 25 cm.
_cxv, 450 p. 64 illus. 25 cm.
500 _aby Guillaume de Lorris and Jean de Meun. Translated by Charles Dahlberg.
999 _c13298
_d13298